Catálogo

Contabilidad de sociedades mercantiles / (Registro nro. 19754)

Detalles MARC
000 -LEADER
fixed length control field 01074cam a2200313 i 4500
001 - CONTROL NUMBER
control field 19754
003 - CONTROL NUMBER IDENTIFIER
control field Mx-PuUPA
005 - DATE AND TIME OF LATEST TRANSACTION
control field 20251206102553.0
008 - FIXED-LENGTH DATA ELEMENTS--GENERAL INFORMATION
fixed length control field 140415s1996 mx gr 000 0 spa d
020 ## - INTERNATIONAL STANDARD BOOK NUMBER
International Standard Book Number 9687681306
040 ## - CATALOGING SOURCE
Original cataloging agency Mx-PuUPA
Language of cataloging spa
Transcribing agency Mx-PuUPA
Modifying agency Mx-PuUPA
Description conventions rda
041 0# - LANGUAGE CODE
Language code of text/sound track or separate title spa
043 ## - GEOGRAPHIC AREA CODE
Geographic area code n-mx---
100 1# - MAIN ENTRY--PERSONAL NAME
Personal name Perdomo Moreno, Abraham,
9 (RLIN) 14485
Relator term autor
245 10 - TITLE STATEMENT
Title Contabilidad de sociedades mercantiles /
Statement of responsibility, etc. Abraham Perdomo Moreno
250 ## - EDITION STATEMENT
Edition statement Novena edición
264 #1 - PRODUCTION, PUBLICATION, DISTRIBUTION, MANUFACTURE, AND COPYRIGHT NOTICE
Place of production, publication, distribution, manufacture México, D.F. :
Name of producer, publisher, distributor, manufacturer Ediciones Contables, Administrativas y Fiscales,
Date of production, publication, distribution, manufacture, or copyright notice 1996
300 ## - PHYSICAL DESCRIPTION
Extent 396 páginas :
Other physical details diagramas, tablas ;
Dimensions 22 cm
336 ## - CONTENT TYPE
Fuente rdacontent
Content type term texto
Content type code txt
337 ## - MEDIA TYPE
Source rdamedia
Media type term sin medio
Media type code n
338 ## - CARRIER TYPE
Source rdacarrier
Carrier type term volumen
Carrier type code nc
500 ## - GENERAL NOTE
General note Reimpresiones: (Primera, 1996) ; (Segunda, 1997).
650 #7 - SUBJECT ADDED ENTRY--TOPICAL TERM
Source of heading or term armarc
Topical term or geographic name entry element Sociedades comerciales
General subdivision Contabilidad
650 #7 - SUBJECT ADDED ENTRY--TOPICAL TERM
Source of heading or term armarc
Topical term or geographic name entry element Empresas
650 #7 - SUBJECT ADDED ENTRY--TOPICAL TERM
Source of heading or term armarc
Topical term or geographic name entry element Sociedades comerciales
Geographic subdivision México
942 ## - ADDED ENTRY ELEMENTS (KOHA)
Source of classification or shelving scheme Dewey Decimal Classification
Koha item type Libro
Classification part 657.950972
Item part P42
Existencias
Withdrawn status Lost status Source of classification or shelving scheme Damaged status Not for loan Collection code Home library Current library Shelving location Date acquired Source of acquisition Total Checkouts Full call number Barcode Date last seen Date last checked out Price effective from Koha item type
    Dewey Decimal Classification En encuadernación   General Biblioteca Karol Wojtyla Biblioteca Karol Wojtyla Sala general 03/12/2013 Compra   657.950972 P42 1996 39895 16/02/2018 16/02/2018 03/12/2013 Libro
  Extraviado Dewey Decimal Classification       Biblioteca Karol Wojtyla Biblioteca Karol Wojtyla   03/12/2013 Compra   657.6 PER 39330     03/12/2013 Libro